000 01199cam a2200313 i 4500
001 bg
003 BPK
005 20190725111811.0
008 021017s2002 pl f f |000 0 pol
020 _a830112203X
040 _cBPK
041 1 _apol
_heng
080 _a330.101.542
080 _a(075.8+076)
100 1 _aBergstrom, Theodore C.
245 1 0 _aĆwiczenia z mikroekonomii :
_bkurs średni /
_cTheodore C. Bergstrom, Hal R. Varian ; przekł. [z ang.] zesp. pod red. Stanisława Ryszarda Domańskiego ; poszczeg. rozdz. tł. Dariusz Winek [et al.].
246 _iTyt. oryg.:
_aWorkouts in intermediate economics
250 _aWyd.1, dodruk.
260 _aWarszawa :
_bWydaw. Naukowe PWN,
_c2002.
300 _a392, [1] s. :
_brys., 1 wykr. ;
_c24 cm.
655 4 _aĆwiczenia i zadania dla szkół wyższych
650 4 _aMikroekonomia
700 1 _aVarian, Hal R.
700 1 _aDomański, Stanisław Ryszard
_eRed.
700 1 _aWinek, Dariusz
_d(1973- )
710 2 _aWydawnictwo Naukowe PWN
_4pbl.
856 _uhttp://koha.tu.koszalin.pl/cgi-bin/koha/opac-detail.pl?biblionumber=41912
_yKatalog online BPK
942 _cKS
_2UKD
999 _c41912
_d41912